The 250 Greatest Songs of the 21st Century by The Rolling Stones - Statistics

General Stats
  • This quiz has been taken 52 times
  • The average score is 91 of 250
Answer Stats
Number Song Answer % Correct
138 ‘Déjà Vu’ Beyoncé feat. Jay-Z
93%
3 ‘Crazy in Love’ Beyoncé feat. Jay Z
93%
9 ‘Toxic’ Britney Spears
93%
223 ‘All of the Lights’ Kanye West feat. Rihanna and Kid Cudi
93%
102 ‘Poker Face’ Lady Gaga
93%
21 ‘Bad Romance’ Lady Gaga
93%
181 ‘Work’ Rihanna feat. Drake
93%
133 ‘Umbrella’ Rihanna feat. Jay-Z
93%
121 ‘Stan’ Eminem
91%
39 ‘Lose Yourself’ Eminem
91%
27 ‘We Found Love’ Rihanna feat. Calvin Harris
91%
186 ‘Cuff It’ Beyoncé
88%
32 ‘Formation’ Beyoncé
88%
129 ‘Savage Remix’ Megan Thee Stallion feat. Beyoncé
88%
104 ‘Wrecking Ball’ Miley Cyrus
88%
147 ‘Sicko Mode’ Travis Scott feat. Drake
86%
166 ‘Numb/Encore’ Jay-Z and Linkin Park
84%
213 ‘Love Story’ Taylor Swift
84%
161 ‘Cruel Summer’ Taylor Swift
84%
114 ‘Blank Space’ Taylor Swift
84%
5 ‘All Too Well’ Taylor Swift
84%
162 ‘Marvins Room’ Drake
81%
17 ‘Hotline Bling’ Drake
81%
43 ‘Hold On, We’re Going Home’ Drake feat. Majid Jordan
81%
134 ‘Despacito’ Luis Fonsi and Daddy Yankee feat. Justin Bieber
81%
54 ‘In Da Club’ 50 Cent
79%
46 ‘Back to Black’ Amy Winehouse
79%
184 ‘Ms. Jackson’ OutKast
79%
82 ‘Hey Ya!’ OutKast
79%
15 ‘B.O.B. (Bombs Over Baghdad)’ OutKast
79%
26 ‘Mr. Brightside’ The Killers
79%
19 ‘Someone Like You’ Adele
77%
40 ‘Thank U, Next’ Ariana Grande
77%
65 ‘Not Like Us’ Kendrick Lamar
77%
7 ‘Alright’ Kendrick Lamar
77%
158 ‘Money Trees’ Kendrick Lamar feat. Jay Rock
77%
183 ‘Happier Than Ever’ Billie Eilish
74%
18 ‘Bad Guy’ Billie Eilish
74%
84 ‘Sorry’ Justin Bieber
74%
220 ‘Tik Tok’ Ke$ha
74%
177 ‘Shallow’ Lady Gaga and Bradley Cooper
74%
41 ‘Blinding Lights’ The Weeknd
74%
29 ‘Int’l Players Anthem (I Choose You)’ UGK feat. OutKast
74%
155 ‘Fallin’’ Alicia Keys
72%
75 ‘Jesus Walks’ Kanye West
70%
94 ‘Levitating’ Dua Lipa
67%
192 ‘The A Team’ Ed Sheeran
67%
25 ‘99 Problems’ Jay-Z
67%
76 ‘Old Town Road’ Lil Nas X
67%
57 ‘Beautiful Day’ U2
67%
42 ‘Call Me Maybe’ Carly Rae Jepsen
65%
71 ‘As It Was’ Harry Styles
65%
55 ‘Teenage Dream’ Katy Perry
65%
97 ‘Video Games’ Lana Del Rey
65%
33 ‘Venice Bitch’ Lana Del Rey
65%
88 ‘Hung Up’ Madonna
65%
152 ‘So What’ Pink
65%
141 ‘The Scientist’ Coldplay
63%
31 ‘Since U Been Gone’ Kelly Clarkson
63%
48 ‘Paper Planes’ M.I.A.
63%
67 ‘Bye Bye Bye’ ’NSync
63%
38 ‘Drivers License’ Olivia Rodrigo
63%
167 ‘Espresso’ Sabrina Carpenter
63%
81 ‘Baile Inolvidable’ Bad Bunny
58%
11 ‘Safaera’ Bad Bunny, Ñengo Flow, and Jowell and Randy
58%
23 ‘Pink Pony Club’ Chappell Roan
58%
14 ‘Gasolina’ Daddy Yankee
58%
195 ‘Bring Me to Life’ Evanescence
58%
131 ‘Clint Eastwood’ Gorillaz
58%
89 ‘Mirrors’ Justin Timberlake
58%
132 ‘Complicated’ Avril Lavigne
56%
101 ‘Work It’ Missy Elliott
56%
1 ‘Get Ur Freak On’ Missy Elliott
56%
246 ‘Sunflower’ Post Malone and Swae Lee
56%
4 ‘Seven Nation Army’ The White Stripes
56%
171 ‘What You Know’ T.I.
56%
210 ‘Yeah!’ Usher feat. Lil Jon and Ludacris
56%
172 ‘1, 2 Step’ Ciara feat. Missy Elliott
51%
120 ‘Survivor’ Destiny’s Child
51%
205 ‘Jesus of Suburbia’ Green Day
51%
109 ‘Tusa’ Karol G and Nicki Minaj
51%
180 ‘Use Somebody’ Kings of Leon
51%
30 ‘Confessions Part II’ Usher
51%
73 ‘Bodak Yellow’ Cardi B
49%
28 ‘One More Time’ Daft Punk
49%
52 ‘Take Me Out’ Franz Ferdinand
49%
53 ‘Beez in the Trap’ Nicki Minaj feat. 2 Chainz
49%
56 ‘La Tortura’ Shakira feat. Alejandro Sanz
49%
51 ‘Latch’ Disclosure feat. Sam Smith
47%
58 ‘Turn Down for What’ DJ Snake feat. Lil Jon
47%
60 ‘A Milli’ Lil Wayne
47%
215 ‘Truth Hurts’ Lizzo
47%
127 ‘Green Light’ Lorde
47%
34 ‘Ribs’ Lorde
47%
124 ‘Family Affair’ Mary J. Blige
47%
236 A Bar Song (Tipsy) Shaboozey
47%
247 ‘Levels’ Avicii
44%
118 ‘Redbone’ Childish Gambino
44%
212 ‘Kiss Me More’ Doja Cat feat. SZA
44%
157 ‘Hurt’ Johnny Cash
44%
96 ‘Welcome to the Black Parade’ My Chemical Romance
44%
250 ‘Drops of Jupiter’ Train
44%
105 ‘Milkshake’ Kelis
42%
107 ‘Can’t Get You Out of My Head’ Kylie Minogue
42%
112 ‘I Write Sins Not Tragedies’ Panic! at the Disco
42%
237 ‘Day ‘n’ Nite’ Kid Cudi
40%
16 ‘We Belong Together’ Mariah Carey
40%
187 ‘Kids’ MGMT
40%
196 ‘There, There’ Radiohead
40%
8 ‘Idioteque’ Radiohead
40%
6 ‘Dancing on My Own’ Robyn
40%
174 ‘Chop Suey!’ System of a Down
40%
194 ‘Drew Barrymore’ SZA
40%
13 ‘Snooze’ SZA
40%
12 ‘Last Nite’ The Strokes
40%
241 ‘Teenage Dirtbag’ Wheatus
40%
85 ‘Do I Wanna Know?’ Arctic Monkeys
37%
98 ‘Before He Cheats’ Carrie Underwood
37%
74 ‘Blackstar’ David Bowie
37%
234 ‘Mi Gente’ J Balvin and Willy William
37%
103 ‘Dog Days Are Over’ Florence + the Machine
33%
100 ‘Novacane’ Frank Ocean
33%
10 ‘Thinkin Bout You’ Frank Ocean
33%
143 ‘I Love It’ Icona Pop feat. Charli XCX
33%
47 ‘XO Tour Llif3’ Lil Uzi Vert
33%
44 ‘Bad and Boujee’ Migos feat. Lil Uzi Vert
33%
106 ‘Fireproof’ One Direction
33%
92 ‘Get Busy’ Sean Paul
33%
135 ‘Water’ Tyla
33%
2 ‘Maps’ Yeah Yeah Yeahs
33%
69 ‘Rebellion (Lies)’ Arcade Fire
30%
130 ‘Hands to Myself’ Selena Gomez
30%
154 ‘Middle Child’ J. Cole
28%
150 ‘Ride Wit Me’ Nelly feat. City Spud
28%
239 ‘Bangarang’ Skrillex feat. Sirah
28%
86 ‘Vroom Vroom’ Charli XCX
26%
159 ‘Float On’ Modest Mouse
26%
63 ‘Still Into You’ Paramore
26%
226 ‘Youngblood’ 5 Seconds of Summer
23%
122 ‘212’ Azealia Banks feat. Lazy Jay
23%
156 ‘I Miss You’ Blink-182
23%
72 ‘Skinny Love’ Bon Iver
23%
24 ‘Untitled (How Does It Feel)’ D’Angelo
23%
235 ‘Times Like These’ Foo Fighters
23%
87 ‘Tennessee Whiskey’ Chris Stapleton
21%
79 ‘Sugar, We’re Goin Down’ Fall Out Boy
21%
20 ‘Bad Habit’ Steve Lacy
21%
91 ‘Yonkers’ Tyler, the Creator
21%
151 ‘A-Punk’ Vampire Weekend
21%
116 ‘Land of Hope and Dreams’ Bruce Springsteen
19%
78 ‘March Madness’ Future
19%
169 ‘The Middle’ Jimmy Eat World
19%
35 ‘All My Friends’ LCD Soundsystem
19%
62 ‘Cranes in the Sky’ Solange
19%
142 ‘Ddu-Du Ddu-Du’ Blackpink
16%
200 ‘Cellophane’ FKA Twigs
16%
144 ‘I Remember Everything’ Zach Bryan feat. Kacey Musgraves
16%
175 ‘Rock the Boat’ Aaliyah
14%
93 ‘Springsteen’ Eric Church
14%
189 ‘Oblivion’ Grimes
14%
145 ‘Adorn’ Miguel
14%
68 ‘The House That Built Me’ Miranda Lambert
14%
59 ‘Motion Sickness’ Phoebe Bridgers
14%
191 ‘1901’ Phoenix
14%
99 ‘Hate to Say I Told You So’ The Hives
14%
128 ‘Such Great Heights‘ The Postal Service
14%
117 ‘New Slang’ The Shins
14%
197 ‘He Wasn’t Man Enough’ Toni Braxton
14%
163 ‘Wolf Like Me’ TV on the Radio
14%
178 ‘1 Thing’ Amerie
12%
208 ‘Pieces of Me’ Ashlee Simpson
12%
61 ‘Things Have Changed’ Bob Dylan
12%
225 ‘First Day of My Life’ Bright Eyes
12%
146 ‘Quiero Bailar’ Ivy Queen
12%
199 ‘You Want It Darker’ Leonard Cohen
12%
136 ‘Still Tippin’’ Mike Jones feat. Slim Thug and Paul Wall
12%
36 ‘Your Best American Girl’ Mitski
12%
77 ‘Malamente (Cap.1: Augurio)’ Rosalía
12%
164 ‘Do You Realize??’ The Flaming Lips
12%
224 ‘Heartbeats’ The Knife
12%
149 ‘Archie, Marry Me’ Alvvays
9%
153 ‘Lost Cause’ Beck
9%
80 ‘Not Strong Enough’ Boygenius
9%
182 ‘The Story’ Brandi Carlile
9%
231 ‘Cruise’ Florida Georgia Line
9%
64 ‘Ella Baila Sola’ Peso Pluma and Eslabon Armado
9%
207 ‘Lifestyle’ Rich Gang feat. Young Thug and Rich Homie Quan
9%
218 ‘I’m Sprung’ T-Pain
9%
238 ‘I Wanna Get Better’ Bleachers
7%
37 ‘Spring Day’ BTS
7%
176 ‘Drunk Drivers/Killer Whales’ Car Seat Headrest
7%
248 ‘Tiger Mountain Peasant Song’ Fleet Foxes
7%
50 ‘The Wire’ Haim
7%
45 ‘Follow Your Arrow’ Kacey Musgraves
7%
126 ‘Night Shift’ Lucy Dacus
7%
137 ‘My Church’ Maren Morris
7%
230 ‘Blood and Thunder’ Mastodon
7%
216 ‘Wagon Wheel’ Old Crow Medicine Show
7%
193 ‘Stoned and Starving’ Parquet Courts
7%
190 ‘No Flex Zone’ Rae Sremmurd
7%
168 ‘Long Time Gone’ The Chicks
7%
249 ‘Oops (Oh My)’ Tweet
7%
227 ‘Feathered Indians’ Tyler Childers
7%
66 ‘Impossible Germany’ Wilco
7%
209 ‘Ella y Yo’ Aventura feat. Don Omar
5%
90 ‘Anthems for a Seventeen Year-Old Girl’ Broken Social Scene
5%
95 ‘Last Last’ Burna Boy
5%
70 ‘Ride Around Shining’ Clipse feat. Ab-Liva
5%
110 ‘Depreston’ Courtney Barnett
5%
170 ‘Gee’ Girls’ Generation
5%
148 ‘Cover Me Up’ Jason Isbell
5%
233 ‘Summer’s End’ John Prine
5%
115 ‘Girl Crush’ Little Big Town
5%
49 ‘Pretty Wings’ Maxwell
5%
140 ‘Ante Up’ M.O.P. feat. Busta Rhymes, Teflon, and Remi Martin
5%
206 ‘Hype Boy’ NewJeans
5%
222 ‘Rewrite’ Paul Simon
5%
204 ‘Welcome to the Party’ Pop Smoke
5%
139 ‘Portions for Foxes’ Rilo Kiley
5%
242 ‘My Block’ Scarface
5%
245 ‘Pa’ Que Retozen’ Tego Calderón
5%
83 ‘House of Jealous Lovers’ The Rapture
5%
198 ‘Stay Fly’ Three 6 Mafia feat. Young Buck, 8Ball, and MJG
5%
22 ‘Essence’ Wizkid feat. Tems
5%
211 ‘Hold On’ Alabama Shakes
2%
160 ‘I Don’t Like’ Chief Keef feat. Lil Reese
2%
243 ‘Unavailable’ Davido feat. Musa Keys
2%
219 ‘Holy Shit’ Father John Misty
2%
123 ‘Hackensack’ Fountains of Wayne
2%
201 ‘Lemonade’ Gucci Mane
2%
125 ‘Hold You’ Gyptian
2%
179 ‘Es Por Ti’ Juanes
2%
240 ‘2009’ Mac Miller
2%
113 ‘Hasta La Raíz’ Natalia Lafourcade
2%
229 ‘Rollerskate Skinny’ Old 97’s
2%
203 ‘Toast’ Original Koffee
2%
202 ‘Todo de Ti’ Rauw Alejandro
2%
228 ‘Woman’ Rema
2%
119 ‘You’re Not the One’ Sky Ferreira
2%
232 ‘Free Mind’ Tems
2%
221 ‘No Children’ The Mountain Goats
2%
173 ‘Lilacs’ Waxahatchee
2%
165 ‘Eres’ Café Tacvba
0%
111 ‘Querido FBI’ Calle 13
0%
185 ‘Somos Más Americanos’ Los Tigres del Norte
0%
217 ‘Throw Some D’s’ Rich Boy feat. Polow Da Don
0%
214 ‘Killer Parties’ The Hold Steady
0%
108 ‘Letter From an Occupant’ The New Pornographers
0%
244 ‘Keep Me in Your Heart’ Warren Zevon
0%
188 ‘Rakata’ Wisin & Yandel
0%
No matching quizzes found
Score Distribution
Percent of People with Each Score
Percentile by Number Answered
Your Score History
You have not taken this quiz